| 000 | 00477nam a22001577a 4500 | ||
|---|---|---|---|
| 008 | 230515b |||||||| |||| 00| 0 eng d | ||
| 040 |
_aNational Science Library _cNational Science Library |
||
| 080 |
_a551.4:574 _bN3 |
||
| 100 | _aKharkwal, S C | ||
| 245 |
_aPhysico-cultural environment and development: _bIn UP himalaya |
||
| 260 |
_aKotdwara: _bNutan Publications, _c1993 |
||
| 300 | _axviii, 299p. | ||
| 650 | _aCultural | ||
| 653 | _aEnvironment | ||
| 942 |
_2udc _cBK |
||
| 999 |
_c29867 _d29867 |
||